logo

Bir Sreshtho Munshi Abdur Rouf Library
Jhenaidah Cadet College

Information Please Almanac Atlas & Yearbook 1989 / (Record no. 7768)

MARC details
000 -LEADER
fixed length control field 00558nam a22002177a 4500
001 - CONTROL NUMBER
JCCL Control Number 7768
003 - CONTROL NUMBER IDENTIFIER
JCCL marc code BD-JhCC
005 - DATE AND TIME OF LATEST TRANSACTION
control field 20180220172448.0
008 - FIXED-LENGTH DATA ELEMENTS--GENERAL INFORMATION
fixed length control field 180213s1989 cn |||| |||| 000 0 eng d
035 ## - SYSTEM CONTROL NUMBER
system control number (BD-JhCC)
040 ## - CATALOGING SOURCE
Original cataloging agency BD-JhCC
Modifying agency BD-JhCC
041 ## - LANGUAGE CODE
Language code of Book eng
082 ## - DEWEY DECIMAL CLASSIFICATION NUMBER
Classification number 317
Author mark and Year INF 1989
245 ## - TITLE STATEMENT
Title Information Please Almanac Atlas & Yearbook 1989 /
Statement of responsibility, etc Otto Johnson
250 ## - EDITION STATEMENT
Edition statement 42nd ed.
260 ## - PUBLICATION, DISTRIBUTION, ETC. (IMPRINT)
Place of publication, distribution, etc Canada:
Name of publisher, distributor, etc Houghton Mifflin Company,
Date of publication, distribution, etc 1986
300 ## - PHYSICAL DESCRIPTION
Pagination 976 p. :
Dimensions 20 cm.
650 ## - SUBJECT ADDED ENTRY--TOPICAL TERM
Topical term or geographic name as entry element Statistics
700 ## - ADDED ENTRY--PERSONAL NAME
Personal name Johnson, Otto
942 ## - ADDED ENTRY ELEMENTS (KOHA)
Source of classification or shelving scheme Dewey Decimal Classification
Koha item type Books
Holdings
Source of classification or shelving scheme Damaged status Not for loan Home library Current library Shelving location Date of accession Total Checkouts Full call number Barcode Date last seen Copy number Koha item type
Dewey Decimal Classification     JCC Rouf Library JCC Rouf Library General Stacks 02/13/2018   317 INF 1989 10325 02/13/2018 C-1 Books

JCC Library | Contacts | JCC Home

Last Update on 23 September 2017
Copyright @ 2017-2020 JCC Rouf Library
Rouf Library, Jhenidah Cadet College (JCC), Bangladesh